000 00624nam a2200169 i 4500
001 46627
003 ES-MaACL
005 20230906161424.0
007 t|
008 030331s1955 dr ||||1| spa d
111 2 _aCongreso Interamericano de psicología (
_n1º.
_d1953.
_cCiudad Trujillo)
_9398
245 1 0 _aActas del primer Congreso Interamericano de Psicología celebreado en ciudad Trujillo, Rep. Dominicana del 10 al 20 de diciembre de 1953.
260 _aCiudad Trujillo :
_bCaribe,
_c1955.
300 _a810 p., 2 lám. ;
_c23 cm.
500 _aTexto en español e inglés.
852 _aES-MaACL
_jC-12241
_bR.40275
999 _c46627
_d46627